<?xml version="1.0" encoding="UTF-8"?>
<collection xmlns:xsi="http://www.w3.org/2001/XMLSchema-instance" xsi:schemaLocation="http://www.loc.gov/MARC21/slim http://www.loc.gov/standards/marcxml/schema/MARC21slim.xsd" xmlns="http://www.loc.gov/MARC21/slim">
 <record>
  <leader>00000cmm a22000003a 4500</leader>
  <controlfield tag="001">UP-8027390931316214138</controlfield>
  <controlfield tag="003">Buklod</controlfield>
  <controlfield tag="005">20120823115046.0</controlfield>
  <controlfield tag="006">a     r    |||| u|</controlfield>
  <controlfield tag="007">ta</controlfield>
  <controlfield tag="008">120823s        xx     d        u        </controlfield>
  <datafield tag="035" ind1=" " ind2=" ">
   <subfield code="a">(iLib)UPMIN-00006201260</subfield>
  </datafield>
  <datafield tag="040" ind1=" " ind2=" ">
   <subfield code="a">upmin</subfield>
  </datafield>
  <datafield tag="041" ind1=" " ind2=" ">
   <subfield code="a">eng</subfield>
  </datafield>
  <datafield tag="090" ind1=" " ind2="0">
   <subfield code="a">HG3978 K36</subfield>
   <subfield code="b">2006</subfield>
  </datafield>
  <datafield tag="100" ind1="1" ind2=" ">
   <subfield code="a">Kanamori, Toshiki</subfield>
  </datafield>
  <datafield tag="245" ind1="0" ind2="0">
   <subfield code="a">Current and future issues for the PRC economy</subfield>
   <subfield code="c">Toshiki Kanamori.</subfield>
  </datafield>
  <datafield tag="300" ind1=" " ind2=" ">
   <subfield code="a">1 CD-ROM</subfield>
   <subfield code="b">col.</subfield>
   <subfield code="c">4 3/4 in</subfield>
  </datafield>
  <datafield tag="490" ind1="0" ind2=" ">
   <subfield code="a">ADBI Research Policy Brief</subfield>
   <subfield code="v">No. 22</subfield>
  </datafield>
  <datafield tag="500" ind1=" " ind2=" ">
   <subfield code="a">Contains the PDF version of the following: Current and future issues for the PRC economy, The Renminbi Exchange Rate Revaluation, and Hot Topics for the Future of PRC and Hong Kong, China</subfield>
  </datafield>
  <datafield tag="500" ind1=" " ind2=" ">
   <subfield code="a">On disc label: Research policy brief no. 22.</subfield>
  </datafield>
  <datafield tag="650" ind1="1" ind2="7">
   <subfield code="b">China</subfield>
   <subfield code="x">Economic conditions</subfield>
   <subfield code="y">2000-</subfield>
  </datafield>
  <datafield tag="650" ind1="1" ind2="7">
   <subfield code="b">China</subfield>
   <subfield code="x">Economic policy</subfield>
   <subfield code="y">2000-</subfield>
  </datafield>
  <datafield tag="650" ind1="1" ind2="7">
   <subfield code="a">Economic forecasting</subfield>
   <subfield code="z">China.</subfield>
  </datafield>
  <datafield tag="852" ind1="0" ind2=" ">
   <subfield code="a">UPMIN</subfield>
   <subfield code="b">UPMIN-MAIN</subfield>
   <subfield code="h">HG3978 K36 2006</subfield>
  </datafield>
  <datafield tag="942" ind1=" " ind2=" ">
   <subfield code="a">Electronic Resource</subfield>
  </datafield>
 </record>
</collection>
